Państwa po podpowiedziach 2# - Statystyki

Ogólne statystyki
  • Ten quiz został rozwiązany 80 razy
  • Średni wynik to 8 z 9
Statystyki odpowiedzi
Podpowiedź Państwo % Poprawnych
kebab Turcja
100%
Tatry, Wawel Polska
99%
Burgery, Nowy Jork Stany Zjednoczone
99%
Kreta, bogowie Grecja
97%
sushi, wiśnie Japonia
97%
Koniczyna, Piwo Irlandia
90%
Wulkany, lodowce Islandia
86%
Wampiry Rumunia
73%
Góry, Piwo, sporty zimowe Czechy
56%
Nie znaleziono quizów pasujących do podanych kryteriów
Rozkład punktacji
Procent ludzi z każdym wynikiem
Percentyl według liczby udzielonych odpowiedzi
Twoja historia wyników
Nie rozwiązałeś tego quizu